00671nam a22001937a 4500999001500000001000500015003000900020005001700029008004100046040003800087082001700125245007700142260006200219300002400281650001300305710003300318942001200351952011400363 c6250d62503718BD-DhUAP20201228105115.0201228s1997 bg ||||| |||| 00| 0 eng d aBD-DhUAPbEngcBD-DhUAPdBD-DhUAP 223a530 INT  aInternational symposium on recent advances in physics 21-23 March, 1997. aDhaka, Bangladesh :bBangladesh Physical Society, c1997. a85 pages ;c27 cm.  aPhysics. aBangladesh Physical Society. 2ddccBK 00102ddc4070aUAPCLbUAPCLcGeneral Stacksd2020-12-28o530 INTp3010003718r2020-12-28t1w2020-12-28yBK